| 000 | 01558nam1a2200373 i 4500 | ||
|---|---|---|---|
| 001 | RU\NLR\bibl\1670803 | ||
| 005 | 20260406065554.0 | ||
| 035 | _a(NLR Aleph) 001662064 | ||
| 090 |
_a987927 _c987927 |
||
| 100 | _a20100902g20109999k y0rusy50 ca | ||
| 101 | 0 | _arus | |
| 102 | _aRU | ||
| 105 | _a||||z ||||| | ||
| 200 | 1 |
_aКоляне _e(XIX - первая четверть XX в.) _eисторико-генеалогический атлас _e[в 2 ч.] _fА.А. Малашенков, П.В. Федоров _gМ-во образования и науки Рос. Федерации, Мурм. гос. пед. ун-т |
|
| 210 |
_aМурманск _cМГПУ _d2010 |
||
| 215 | _d30 | ||
| 463 | 0 | _10011666971 | |
| 463 | 0 | _10011667417 | |
| 463 | 0 | _10011757172 | |
| 606 | 1 |
_aГенеалогия _jАтласы _yМурманская область _92608391 _3RU\NLR\auth\661544949 |
|
| 607 |
_aКола, город (Мурманская область) _jАтласы _91468783 _3RU\NLR\auth\66314527 |
||
| 686 | _aТ3(2Р-4Му-2К)я6 | ||
| 686 | _aТ214(2)я6 | ||
| 700 | 1 |
_aМалашенков _bА. А. _gАлексей Анатольевич _4070 |
|
| 701 | 1 |
_4070 _8rus _7ca _aФедоров _bП. В. _cд-р ист. наук _f1976- _gПавел Викторович _3RU\NLR\AUTH\7725568 _98615 |
|
| 801 | 0 |
_aRU _bNLR _c20100902 _gRCR |
|
| 801 | 1 |
_aRU _bNLR _c20100902 |
|
| 830 | _aавт. по кн. | ||
| 852 |
_aNLR _j2010-8/2496 |
||
| 942 | _cBOOK | ||
| 980 | _aGENEAL02 | ||
| 980 | _aNBR | ||